Náročné mateřství : být matkou postiženého dítěte / Marie Vágnerová, Iva Strnadová, Lenka Krejčová
Record details
- ISBN: 978-80-246-1616-2
- Physical Description: 333 s. : il. ; 22 cm
- Edition: Vyd. 1.
- Publisher: Praha : Karolinum, 2009
Content descriptions
| Bibliography, etc. Note: | Obsahuje bibliografii a rejstřík |
| Issuing Body Note: | Vydavatel: Univerzita Karlova v Praze |
Search for related items by subject
| Genre: | populárně-naučné publikace popular works |
Available copies
- 2 of 2 copies available at Common Catalog SPOK.
Holds
- 0 current holds with 2 total copies.
Show Only Available Copies
| Location | Call Number / Copy Notes | Barcode | Shelving Location | Status | Due Date |
|---|---|---|---|---|---|
| Jabok Library | PeS-5.7 | 424480022783 | Odborná literatura | Available | - |
| Jabok Library | PeS-5.7
Pořízeno z projektu Inovace VOV: CZ.02.3.68/0.0/0.0/16_041/0008052
|
424480043631 | Odborná literatura | Available | - |
Electronic resources
- Version of Resource: Digitalizovaný dokument
- Version of Resource: Obsah
| LDR | 02372nam a2200613 a 4500 | ||
|---|---|---|---|
| 001 | 7634 | ||
| 003 | CZ-PrJAB | ||
| 005 | 20201125103144.0 | ||
| 007 | ta | ||
| 008 | 090224s2009 xr a e f 001 0 cze | ||
| 015 | . | ‡acnb001858488 | |
| 020 | . | ‡a978-80-246-1616-2 ‡q(váz.) | |
| 035 | . | ‡a(CZ PrNK)nkc20091858488 | |
| 035 | . | ‡a(OCoLC)428365345 | |
| 040 | . | ‡aABA001 ‡bcze | |
| 072 | 7. | ‡a316.4/.7 ‡xSociální interakce. Sociální komunikace ‡2Konspekt ‡918 | |
| 080 | . | ‡a316.344.6-056.26/.3-053.2 ‡2MRF | |
| 080 | . | ‡a616.831-00 ‡2MRF | |
| 080 | . | ‡a616.899-056.7 ‡2MRF | |
| 080 | . | ‡a613.952/.954 ‡2MRF | |
| 080 | . | ‡a316.362.1 ‡2MRF | |
| 080 | . | ‡a159.9 ‡2MRF | |
| 080 | . | ‡a304 ‡2MRF | |
| 080 | . | ‡a316.6 ‡2MRF | |
| 080 | . | ‡a(0.062) ‡2MRF | |
| 100 | 1 | . | ‡aVágnerová, Marie, ‡d1946- ‡7jn99240001396 ‡4aut |
| 245 | 1 | 0. | ‡aNáročné mateřství : ‡bbýt matkou postiženého dítěte / ‡cMarie Vágnerová, Iva Strnadová, Lenka Krejčová |
| 246 | 3 | 0. | ‡aBýt matkou postiženého dítěte |
| 250 | . | ‡aVyd. 1. | |
| 260 | . | ‡aPraha : ‡bKarolinum, ‡c2009 | |
| 300 | . | ‡a333 s. : ‡bil. ; ‡c22 cm | |
| 504 | . | ‡aObsahuje bibliografii a rejstřík | |
| 550 | . | ‡aVydavatel: Univerzita Karlova v Praze | |
| 650 | 0 | 7. | ‡aděti se zdravotním postižením ‡7ph116745 ‡2czenas |
| 650 | 0 | 7. | ‡adětská mozková obrna ‡7ph134747 ‡2czenas |
| 650 | 0 | 7. | ‡aDownův syndrom ‡7ph134764 ‡2czenas |
| 650 | 0 | 7. | ‡apéče o dítě ‡7ph124848 ‡xpsychologické aspekty ‡2czenas |
| 650 | 0 | 7. | ‡apéče o dítě ‡7ph124848 ‡xsociologické aspekty ‡2czenas |
| 650 | 0 | 7. | ‡asociální psychologie ‡7ph116212 ‡2czenas |
| 650 | 0 | 9. | ‡achildren with disabilities ‡2eczenas |
| 650 | 0 | 9. | ‡acerebral palsy ‡2eczenas |
| 650 | 0 | 9. | ‡aDown syndrome ‡2eczenas |
| 650 | 0 | 9. | ‡achild care ‡xpsychological aspects ‡2eczenas |
| 650 | 0 | 9. | ‡achild care ‡xsociological aspects ‡2eczenas |
| 650 | 0 | 9. | ‡asocial psychology ‡2eczenas |
| 655 | 7. | ‡apopulárně-naučné publikace ‡7fd131864 ‡2czenas | |
| 655 | 9. | ‡apopular works ‡2eczenas | |
| 700 | 1 | . | ‡aStrnadová, Iva, ‡d1977- ‡7mzk2006363592 ‡4aut |
| 700 | 1 | . | ‡aKrejčová, Lenka ‡7ola2007404845 ‡4aut |
| 710 | 2 | . | ‡aUniverzita Karlova ‡7kn20010710036 |
| 856 | 4 | 1. | ‡uhttp://kramerius4.nkp.cz/search/handle/uuid:ea831810-f2e5-11e4-8936-005056827e51 ‡yDigitalizovaný dokument |
| 856 | 4 | 1. | ‡yObsah ‡uhttp://toc.nkp.cz/NKC/200906/contents/nkc20091858488_1.pdf |
| 910 | . | ‡aABG312 | |
| 995 | . | ‡aska | |
| 901 | . | ‡a7634 ‡bCZ-PrJAB ‡c7634 ‡tbiblio | |